Normal view MARC view

Entry Topical Term

Number of records used in: 2

001 - CONTROL NUMBER

  • control field: 76500

003 - CONTROL NUMBER IDENTIFIER

  • control field: dpl

005 - DATE AND TIME OF LATEST TRANSACTION

  • control field: 20250113164005.0

008 - FIXED-LENGTH DATA ELEMENTS

  • fixed length control field: 250113|| aca||aabn | a|a d

040 ## - CATALOGING SOURCE

  • Original cataloging agency: dpl
  • Transcribing agency: dpl

150 ## - HEADING--TOPICAL TERM

  • Topical term or geographic name as entry element: Commonwealth literature (English) -- Bio-bibliography

670 ## - SOURCE DATA FOUND

  • Source citation: Work cat.: (dpl)208447: Andersen T. J 76499, Strategic Risk Management Practice/, 2011

© Delhi Public Library
Hit Counter
free hit counter